| 000 | 00468cam a22001577a 4500 | ||
|---|---|---|---|
| 008 | 180718b1996 xxu||||| |||| 00| 0 eng d | ||
| 020 | _a0195771141 | ||
| 082 | _aA6x547 Sa99 | ||
| 100 | _aSayeed, Khalid B. | ||
| 245 |
_aPakistan: the formative phase 1857-1948 _cby Khalid B. Sayeed |
||
| 250 | _a2nd | ||
| 260 |
_aKarachi _bOxford University _c1996 |
||
| 300 | _a341p. | ||
| 650 | _aGovernors - Power and duties - Pakistan | ||
| 650 | _aPakistan - History, 1857-1948 | ||
| 999 |
_c386886 _d386886 |
||